000 00904cam a2200277 a 4500
001 000015137
005 20200929163951.0
008 930217s1992 sp b 000 0 spa
020 _a8470902482 (set)
020 _a8470902458 (t. 1)
040 _aDO-SdBNP
_bspa
_cDLC
_dBNPHU
082 _a133.43
_bC292v
100 1 _aCaro Baroja, Julio.
_d1914-1995
_921239
245 1 0 _aVidas mágicas e Inquisición /
_cJulio Caro Baroja.
260 _aMadrid, España :
_bEdiciones Istmo,
_c1992.
300 _a1 v. ;
_c18 cm.
490 1 _aFundamentos
_v121
504 _aIncluye referencias bibliográficas.
650 4 _aMagia
_zEspaña
_xHistoria
_934242
650 4 _aInquisición
_zEspaña
_xHistoria
_934243
650 4 _aBrujeria
_zEspaña
_xHistoria
_934244
650 4 _aAntropología
_xEspaña
_934245
830 0 _aFundamentos ;
_v121
_917827
910 _aCatalogación por copia / LC
049 _aBNGR
999 _c14709
_d14709